[Event "It \"]
[Site "masterchessopen.com Tulsa (USA)"]
[Date "2007.05.27"]
[Round "4"]
[White "Langer Michael (USA)"]
[Black "Galant Sergey (USA)"]
[Result "1-0"]
[WhiteElo "2320"]
[BlackElo "2241"]

1.e4 c5 2.Nf3 d6 3.d4 cxd4 4.Nxd4 Nf6 5.Nc3 Nc6 6.Bg5 Bd7 7.Qd2 Qa5 8.Nb3 Qd8
9.O-O-O h6 10.Bxf6 gxf6 11.f4 Bg7 12.g4 Bxg4 13.Qg2 f5 14.h3 Bxd1 15.Qxg7 Rf8
16.Kxd1 Qd7 17.h4 fxe4 18.Bh3 e6 19.Nxe4 O-O-O 20.Nf6 Qc7 21.h5 Kb8 22.Qxh6
Nb4 23.c3 Qc6 24.Rf1 Nxa2 25.f5 Qa4 26.fxe6 Qxb3+ 27.Ke1 Qxb2 28.Qd2 Qb6
29.Nd7+ Rxd7 30.exd7 Nxc3 31.Qd3 Qb4 32.Kf2 Qh4+ 33.Kg2 Ne4 34.h6 Qg5+ 35.Kf3
Nd2+ 36.Ke2 Nxf1 37.Qxd6+ {#r} 1-0

[Event "Ch Russia (w)"]
[Site "masterchessopen.com Smolensk (Russia)"]
[Date "2007.06.06"]
[Round "5"]
[White "Nebolsina Vera (RUS)"]
[Black "Chistiakova Tamara (RUS)"]
[Result "0-1"]
[WhiteElo "2349"]
[BlackElo "2363"]

1.e4 c5 2.Nc3 Nc6 3.Nf3 d6 4.d4 cxd4 5.Nxd4 Nf6 6.Bg5 Bd7 7.Qd2 Rc8 8.f4 h6
9.Bxf6 gxf6 10.O-O-O Qa5 11.Nb3 Qd8 12.Be2 f5 13.e5 Bg7 14.exd6 Nb4 15.dxe7
Qxe7 16.Bb5 O-O 17.Qxd7 Rxc3 18.bxc3 Qe3+ 19.Rd2 Nxa2+ 20.Kb2 Qxc3+ 21.Ka3 a6
22.Bd3 b5 {#R} 0-1

[Event "Ch Russia (w)"]
[Site "masterchessopen.com Smolensk (Russia)"]
[Date "2007.06.10"]
[Round "9"]
[White "Charochkina Daria (RUS)"]
[Black "Chistiakova Tamara (RUS)"]
[Result "0-1"]
[WhiteElo "2403"]
[BlackElo "2363"]

1.e4 c5 2.Nf3 Nc6 3.Nc3 d6 4.d4 cxd4 5.Nxd4 Nf6 6.Bg5 Bd7 7.Qd2 h6 8.Bxf6 gxf6
9.Nb3 f5 10.Bd3 fxe4 11.Bxe4 Bg7 12.O-O-O Na5 13.Nd4 Rc8 14.Nd5 O-O 15.g4 Nc4
16.Qd3 e6 17.Ne3 d5 18.Bg2 Qa5 19.Kb1 Bb5 20.Nxb5 Qxb5 21.Qb3 Qa5 22.c3 Nxb2
23.Qxb2 Rxc3 24.Nxd5 exd5 25.Rxd5 Qa6 26.Qb5 Qf6 27.Rf5 Qd4 28.Bd5 Rfc8 {#R}
0-1

[Event "Ch India (b)"]
[Site "masterchessopen.com Dindigul (India)"]
[Date "2007.06.17"]
[Round "10"]
[White "Anwesh Upadhyaya (IND)"]
[Black "Poobesh Anand S (IND)"]
[Result "0-1"]
[WhiteElo "2178"]
[BlackElo "2389"]

1.e4 c5 2.Nf3 Nc6 3.d4 cxd4 4.Nxd4 Nf6 5.Nc3 d6 6.Bg5 Bd7 7.Qd2 Nxd4 8.Qxd4
Qa5 9.Bd2 Rc8 10.Be2 a6 11.O-O Qc5 12.Qd3 g6 13.a4 Bg7 14.a5 O-O 15.Be3 Qc6
16.f4 Be6 17.Bf3 Bc4 18.Qd2 Bxf1 19.e5 d5 20.exf6 Qxf6 21.Rxf1 e6 22.Rd1 Rfd8
23.Qf2 Rc4 24.Rd3 Rdc8 25.Rd2 Rb4 26.Ne2 Qxb2 27.Nd4 Rcc4 28.Qh4 Bxd4 29.Qd8+
Kg7 30.Bxd4+ Rxd4 31.Rxd4 Qxd4+ 32.Kf1 Qd2 {#R} 0-1

[Event "Ch Slovakia"]
[Site "masterchessopen.com Banska Stiavnica (Slovakia)"]
[Date "2007.07.09"]
[Round "3"]
[White "Rigo Zsolt (SVK)"]
[Black "Pinter Erik (SVK)"]
[Result "1-0"]
[WhiteElo "2401"]
[BlackElo "2389"]

1.e4 c5 2.Nf3 d6 3.d4 cxd4 4.Nxd4 Nf6 5.Nc3 Nc6 6.Bg5 Bd7 7.Qd2 Rc8 8.f4 Nxd4
9.Qxd4 Qa5 10.e5 dxe5 11.fxe5 e6 12.O-O-O Bc6 13.Nb5 Bxb5 14.exf6 Bc6 15.h4 g6
16.Bc4 Bc5 17.Qe5 O-O 18.h5 Bb4 19.Qxa5 Bxa5 20.hxg6 hxg6 21.Bh6 Bxg2 {#r} 1-0

[Event "It (open)"]
[Site "masterchessopen.com Oberwart (Austria)"]
[Date "2007.07.12"]
[Round "6"]
[White "Alvir Aco (AUT)"]
[Black "Ermenkov Evgenij (PLE)"]
[Result "0-1"]
[WhiteElo "2362"]
[BlackElo "2496"]

1.e4 c5 2.Nf3 d6 3.d4 cxd4 4.Nxd4 Nf6 5.Nc3 Nc6 6.Bg5 Bd7 7.Qd2 Rc8 8.Nb3 e6
9.O-O-O a6 10.Kb1 b5 11.f4 Qc7 12.Bd3 Be7 13.Rhe1 h6 14.Bxf6 Bxf6 15.Bf1 b4
16.Na4 Nb8 17.e5 dxe5 18.Nac5 O-O 19.Bxa6 Rcd8 20.Bd3 exf4 21.Nxd7 Nxd7
22.Qxb4 Nb6 23.a4 Nd5 24.Qe4 g6 25.c4 Rb8 26.Bc2 Ne3 27.Rxe3 fxe3 28.c5 Qxh2
29.Qxe3 Rb4 30.a5 Qxg2 31.a6 Ra8 32.Rd6 Rxa6 33.Qd3 Ra8 34.c6 Qg1+ 35.Bd1 Qa7
{#R} 0-1

[Event "It (open)"]
[Site "masterchessopen.com Balaguer (Spain)"]
[Date "2007.07.18"]
[Round "3"]
[White "Robles Garcia Claudia (ESP)"]
[Black "Matnadze Ana (GEO)"]
[Result "0-1"]
[WhiteElo "2193"]
[BlackElo "2390"]

1.e4 c5 2.Nf3 d6 3.d4 cxd4 4.Nxd4 Nf6 5.Nc3 Nc6 6.Bg5 Bd7 7.Qd2 Rc8 8.Nxc6
Bxc6 9.f3 a6 10.O-O-O b5 11.Kb1 h6 12.Be3 e6 13.h4 d5 14.e5 Nd7 15.f4 Bb4
16.Qd4 Bc5 17.Qd2 Bb4 18.Qd4 Qe7 19.Ne2 Bb7 20.Ng3 Bc5 21.Qd2 Nb6 22.f5 Bxe3
23.Qxe3 Qc5 24.Qd3 Nc4 25.fxe6 O-O 26.Qd4 fxe6 27.Bxc4 Qxc4 28.Qd2 Qg4 29.Qe3
Rf4 30.Rdf1 Rcf8 31.Qe1 Qxg3 {#R} 0-1

[Event "Ch Netherlands (open)"]
[Site "masterchessopen.com Dieren (Netherlands)"]
[Date "2007.07.25"]
[Round "2"]
[White "Rijnaarts Sjef (NED)"]
[Black "Bensdorp Laura (NED)"]
[Result "1-0"]
[WhiteElo "2298"]
[BlackElo "2121"]

1.e4 c5 2.Nf3 d6 3.d4 cxd4 4.Nxd4 Nf6 5.Nc3 Nc6 6.Bg5 Bd7 7.Qd2 Rc8 8.f4 Qa5
9.Nb3 Qd8 10.O-O-O a6 11.Be2 e6 12.e5 dxe5 13.Bxf6 gxf6 14.Ne4 Be7 15.Kb1 Qc7
16.Rhf1 f5 17.Ng3 e4 18.Nh5 Rg8 19.Rg1 Nb4 20.c3 Nd5 21.g4 fxg4 22.Bxg4 Qb6
23.Rg3 Rg6 24.c4 Rxc4 25.f5 exf5 26.Be2 Rcc6 27.Qxd5 Rcd6 28.Rxg6 hxg6 29.Nf6+
Rxf6 30.Qxd7+ Kf8 31.Qc8+ Kg7 32.Qe8 Bd6 33.Nd4 Qc5 34.h4 Bf4 35.Nb3 Qb4
36.Rd8 Qe1+ 37.Bd1 Qxh4 38.Qf8+ Kh7 39.Qh8# 1-0

[Event "Ch Iceland"]
[Site "masterchessopen.com Reykjavik (Iceland)"]
[Date "2007.08.04"]
[Round "7"]
[White "Bergsson Snorri (ISL)"]
[Black "Kjartansson David (ISL)"]
[Result "1-0"]
[WhiteElo "2298"]
[BlackElo "2360"]

1.e4 c5 2.Nf3 d6 3.d4 cxd4 4.Nxd4 Nf6 5.Nc3 Nc6 6.Bg5 Bd7 7.Qd2 Rc8 8.f4 Nxd4
9.Qxd4 Qa5 10.e5 dxe5 11.fxe5 e6 12.O-O-O Bc6 13.Nb5 Bxb5 14.exf6 Bc6 15.h4 g6
16.Bc4 Bc5 17.Qe5 Bb4 18.Qe2 O-O 19.Bh6 Rfe8 20.h5 Bd5 21.hxg6 fxg6 22.Rxd5
exd5 23.Qf3 Rc7 24.Bxd5+ Rf7 25.Bxf7+ Kxf7 26.Qxb7+ Kxf6 27.Rf1+ Ke5 28.Bf4+
Ke6 29.Qc6+ {#r} 1-0

[Event "Olympiad (under 16)"]
[Site "masterchessopen.com Singapore"]
[Date "2007.08.07"]
[Round "5"]
[White "Yilmaz Mustafa (TUR)"]
[Black "Ton That Nhu Tung (VIE)"]
[Result "1-0"]
[WhiteElo "2247"]
[BlackElo "2216"]

1.e4 c5 2.Nf3 d6 3.d4 cxd4 4.Nxd4 Nf6 5.Nc3 Nc6 6.Bg5 Bd7 7.Qd2 Rc8 8.O-O-O
Nxd4 9.Qxd4 Qa5 10.Bxf6 gxf6 11.Kb1 Qc5 12.f4 Bh6 13.g3 O-O 14.Bg2 Be6 15.Rhe1
Qa5 16.Nd5 Rfe8 17.Bf3 Bf8 18.Re3 Qc5 19.Qd2 Bxd5 20.exd5 f5 21.Rc3 Qb5 22.Rb3
Qd7 23.Qd4 Bg7 24.Qxa7 Ra8 25.Qb6 Rec8 26.Qb5 Qc7 27.Qd3 Qd7 28.Bg2 Ra6 29.Bh3
e6 30.Bg2 e5 31.Bh3 Qa4 32.a3 e4 33.Qb5 Qxb5 34.Rxb5 {#r} 1-0

[Event "It (open)"]
[Site "masterchessopen.com Koszalin (Poland)"]
[Date "2007.08.09"]
[Round "5"]
[White "Kanarek Marcel (POL)"]
[Black "Graca Robert (FRA)"]
[Result "1-0"]
[WhiteElo "2324"]
[BlackElo "2067"]

1.e4 c5 2.Nf3 d6 3.d4 cxd4 4.Nxd4 Nf6 5.Nc3 Nc6 6.Bg5 Bd7 7.Qd2 Rc8 8.O-O-O
Nxd4 9.Qxd4 Qa5 10.Bxf6 gxf6 11.f4 Rg8 12.Kb1 f5 13.Nd5 Qc5 14.Qd3 Bc6 15.g3
Bg7 16.Qe2 a5 17.Bh3 e6 18.Bxf5 Bb5 19.Qd2 exf5 20.exf5 Kd7 21.f6 Bf8 22.Qxa5
Qxc2+ 23.Ka1 Rc5 24.Rhe1 Qa4 25.Nb6+ {#r} 1-0

[Event "Ch Europe (for the Blind)"]
[Site "masterchessopen.com Durham (England)"]
[Date "2007.08.19"]
[Round "6"]
[White "Olsar Jaroslav (CZE)"]
[Black "Meshkov Yuri A (RUS)"]
[Result "1-0"]
[WhiteElo "2340"]
[BlackElo "2429"]

1.e4 c5 2.Nf3 d6 3.d4 cxd4 4.Nxd4 Nf6 5.Nc3 Nc6 6.Bg5 Bd7 7.Qd2 h6 8.Bh4 g5
9.Bg3 Nh5 10.O-O-O Bg7 11.Nb3 Rc8 12.Kb1 Na5 13.Nd5 Nxg3 14.hxg3 Nc4 15.Bxc4
Rxc4 16.Qd3 b5 17.c3 Qc8 18.Nd4 e6 19.Ne3 Rc5 20.f4 Qc7 21.Rhe1 O-O 22.Nb3 Rc6
23.e5 Rb8 24.Ng4 b4 25.cxb4 Rxb4 26.exd6 Qd8 27.Ne5 Rcb6 28.Rd2 gxf4 29.Qf3
Ba4 30.d7 Bf6 31.gxf4 Bxb3 32.axb3 Bxe5 33.fxe5 {#r} 1-0

[Event "Ch Tatarstan (open)"]
[Site "masterchessopen.com Kazan (Russia)"]
[Date "2007.08.22"]
[Round "3"]
[White "Sadykov Vadim F (RUS)"]
[Black "Romanov Sergey (RUS)"]
[Result "1-0"]
[WhiteElo "2174"]
[BlackElo "1844"]

1.e4 c5 2.Nf3 d6 3.d4 cxd4 4.Nxd4 Nc6 5.Nc3 Nf6 6.Bg5 Bd7 7.Qd2 Rc8 8.f4 h6
9.Bh4 Qa5 10.Be2 Nxd4 11.Qxd4 g5 12.fxg5 hxg5 13.Bf2 b6 14.O-O g4 15.Nd5 Bg7
16.c3 Kf8 17.Qd3 Qa4 18.Bd4 Nxd5 19.Bxg7+ Kxg7 20.exd5 Rcg8 21.Qe3 Kf8 22.Rf4
Qa5 23.b4 Qxd5 24.Bc4 Qh5 25.Rxf7+ Qxf7 26.Bxf7 Kxf7 27.Re1 Kg6 28.Qxe7 Bf5
29.Qxd6+ {#r} 1-0

[Event "Ch Poland (team) (1 liga)"]
[Site "masterchessopen.com Chotowa (Poland)"]
[Date "2007.09.09"]
[Round "7"]
[White "Toma Katarzyna (POL)"]
[Black "Przezdziecka Ewa (POL)"]
[Result "1-0"]
[WhiteElo "2283"]
[BlackElo "2107"]

1.e4 c5 2.Nf3 d6 3.d4 cxd4 4.Nxd4 Nf6 5.Nc3 Nc6 6.Bg5 Bd7 7.Qd2 Rc8 8.f3 Nxd4
9.Qxd4 Qa5 10.h4 h6 11.Be3 a6 12.Bc4 e6 13.O-O-O b5 14.Bb3 b4 15.Nb1 Ba4
16.Nd2 Bxb3 17.Nxb3 Qc7 18.Qd3 d5 19.Kb1 Be7 20.e5 Qxe5 21.g4 Qc7 22.g5 Nd7
23.g6 f6 24.f4 Qc4 25.Qd2 Bc5 26.Rhe1 O-O 27.Bxc5 Nxc5 28.Nxc5 Rxc5 29.Rxe6
Rfc8 30.Rde1 Qb5 31.Qd3 Qb8 32.Re7 Rd8 33.Qe3 Rcc8 34.Qe6+ Kh8 35.Rxg7 Rc7
36.Rxc7 Qxc7 37.Qxf6+ Kg8 38.Re7 {#r} 1-0

[Event "It (open)"]
[Site "masterchessopen.com Port Erin (England)"]
[Date "2007.09.22"]
[Round "1"]
[White "Areshchenko Alexander (UKR)"]
[Black "Abergel Thal (FRA)"]
[Result "1-0"]
[WhiteElo "2638"]
[BlackElo "2528"]

{ Abergel Thal (FRA) +2 =3 -4 } 1.e4 c5 2.Nf3 d6 3.d4 cxd4 4.Nxd4 Nf6 5.Nc3
Nc6 6.Bg5 Bd7 7.Qd2 Rc8 { ?/= } 8.Nxc6 ( 8.O-O-O Nxd4 9.Qxd4 Qa5 10.f4 Rxc3
11.bxc3 e5 12.Qb4 Qxb4 13.cxb4 Nxe4 14.Rd5 h6 15.Bh4 g5 16.fxg5 hxg5 17.Be1
Be7 18.Ra5 a6 19.b5 Bd8 20.bxa6 Bxa5 21.a7 Ke7 22.Bxa5 Bc6 23.Bb6 Nc5 24.h4
Nd7 25.Bc7 gxh4 26.Rxh4 Ra8 27.Rh6 f6 { ...1-0, Volokitin Andrei 2652 -
Motylev Alexander 2651 , Bermuda 2003 It (cat.15) } ) ( 8.f4 Nxd4 9.Qxd4 Qa5
10.e5 dxe5 11.fxe5 e6 12.O-O-O Bc6 13.Nb5 Bxb5 14.exf6 Bc6 15.h4 g6 16.Bc4 Qc5
17.Qd3 Qf5 18.Qb3 Rd8 19.Rdf1 Qg4 20.Bxe6 fxe6 21.Rf4 Qe2 22.f7+ Kd7 23.Rd4+
Bd6 24.Rhd1 Bd5 25.Rxd5 exd5 26.Qxb7+ { 1-0, Svidler Peter 2735 - Sherbakov
Ruslan 2555 , Krasnoyarsk 2003 Ch Russia } ) 8...Bxc6 9.f3 a6 10.O-O-O (
10.Bc4 { +0.41 CAP } ) 10...b5 ( 10...e6 11.Kb1 Be7 12.h4 h6 13.Be3 Nd7 14.Bd4
O-O 15.g4 Bxh4 16.Qh2 Bg5 17.Qxd6 Qe7 18.Qxe7 Bxe7 19.Bg2 Rfd8 20.f4 Bf6
21.Ne2 e5 22.Be3 exf4 23.Nxf4 Bg5 24.Nd5 Bxd5 25.Bxg5 Bxa2+ 26.Kxa2 hxg5 27.e5
Rc7 28.e6 fxe6 29.Rd6 Kf7 30.Rh5 { ...0-1, Carlsson Pontus 2435 - Khenkin Igor
2603 , Stockholm 5. 1.2005 Cup Rilton } ) 11.Kb1 h6 12.Be3 e6 13.Ne2 ( 13.Bd3
d5 14.Qf2 Qc7 15.Bb6 Qb8 16.exd5 Nxd5 17.Nxd5 Bxd5 18.Bd4 Qc7 19.Rhe1 Bc5
20.Bxc5 Qxc5 21.Qxc5 Rxc5 22.b4 Rc6 23.Bxb5 Bxa2+ 24.Kxa2 axb5 25.Kb3 Ke7
26.Re5 Rb6 27.Rc5 Rb7 28.Rd4 Ra8 29.c4 bxc4+ 30.Rdxc4 Kd8 31.Rd4+ Ke7 32.Rd2
Rab8 { ...1/2-1/2, Solodovnichenko Yuri 2436 - Zubarev Alexander 2486 ,
Alushta 1999 Ch Ukraine (club) } ) ( 13.h4 Qc7 14.Rg1 d5 15.e5 Nd7 16.f4 Nc5
17.Bd3 b4 18.Ne2 Ne4 19.Bxe4 dxe4 20.g4 Be7 21.h5 a5 22.Nd4 Bd5 23.Rc1 a4
24.Nf5 Rd8 25.Nd6+ Bxd6 26.exd6 Qxd6 27.c4 bxc3 28.Qxc3 f6 29.g5 hxg5 30.fxg5
e5 31.gxf6 gxf6 32.Bc5 Qa6 { ...0-1, Werle Jan 2459 - Rau Hannes 2297 ,
Pulvermuele 2001 Match "Germany-Netherlands" (juniors) } ) 13...d5 ( 13...Qc7
14.h4 Bb7 15.Rh3 Nd7 16.g4 d5 17.exd5 Bxd5 18.Nf4 Bc6 19.g5 g6 20.h5 e5
21.hxg6 exf4 22.Bxf4 Qb6 23.Qc3 Qc5 24.Qxh8 Be4 25.gxf7+ Kd8 26.Qf6+ { 1-0,
Nadj Hedjesi Balind 2378 - Djukic Nikola 2537 , Kopaonik 3. 4.2005 Ch Serbia &
Montenegro } ) ( 13...Be7 14.Nd4 O-O 15.g4 e5 16.Nxc6 Rxc6 17.h4 Nd7 18.g5 h5
19.g6 Qc7 20.gxf7+ Rxf7 21.Bh3 Nf8 22.Bf5 g6 23.Rdg1 d5 24.exd5 Rxf5 25.dxc6
Qxc6 26.f4 Bf6 27.fxe5 Bxe5 28.Rd1 Qe4 29.Bg5 Bf4 30.Bxf4 Rxf4 31.Rhe1 Qf5
32.a3 Rxh4 33.Rf1 { ...1-0, Korneev Oleg 2671 - Hurtado Rueda Manuel, Dos
Hermanas 30. 3.2006 It (open) } ) 14.e5 { -0.26 CAP } 14...Nd7 15.f4 Nc5
16.Nd4 Ne4 17.Qe1 Qc7 { N } ( 17...Bc5 18.Bd3 Qb6 19.Bxe4 dxe4 20.f5 Bxd4
21.Bxd4 Qc7 22.Qg3 Bd5 23.c3 Rg8 24.fxe6 Bxe6 25.Rhf1 a5 26.Rf6 Qc6 27.b3 Rd8
28.Rf2 Rd7 29.Rfd2 a4 30.Bf2 Rxd2 31.Rxd2 axb3 32.axb3 Bxb3 33.e6 Bxe6 34.Qb8+
Bc8 35.Qe5+ Be6 36.Qb8+ Bc8 37.Qe5+ { ...1/2-1/2, Paehtz Elisabeth 2398 -
Abeln Michiel 2341 , Dresden 1. 8.2003 It (open) } ) 18.Bd3 Be7 19.g4 h5
20.gxh5 Rxh5 21.h4 Bd7 22.Qg1 Kf8 23.Rh2 b4 { ?! } ( 23...Kg8 { !? } 24.Rg2
Bf8 25.Qh1 Qb7 26.Qh3 Kh8 { } ) 24.Rg2 Rh7 25.h5 Kg8 26.h6 Bf8 27.hxg7 Bxg7
28.Nf3 Bc6 29.Ng5 { } {#r} 1-0

[Event "It (open) \"]
[Site "masterchessopen.com Krasnodar (Russia)"]
[Date "2007.09.24"]
[Round "4"]
[White "Bedia Melor (RUS)"]
[Black "Barsamian Eduard (RUS)"]
[Result "1-0"]
[WhiteElo "2357"]
[BlackElo "2085"]

1.e4 c5 2.Nf3 d6 3.d4 cxd4 4.Nxd4 Nf6 5.Nc3 Nc6 6.Bg5 Bd7 7.Qd2 Rc8 8.f4 Nxd4
9.Qxd4 Qa5 10.e5 dxe5 11.fxe5 e6 12.Bd2 Nd5 13.Nxd5 Qxd5 14.Qxd5 exd5 15.Bd3
Bc5 16.O-O-O O-O 17.h3 Rfe8 18.Bf4 a6 19.Rhe1 Be6 20.Kb1 h6 21.g4 Be7 22.Be2
Red8 23.Be3 Bc5 24.Bd4 Bxd4 25.Rxd4 Kf8 26.Red1 Ke7 27.c3 Rd7 28.Kc2 h5
29.gxh5 Bxh3 30.Bf3 Be6 31.Rg1 Bf5+ 32.Kd2 Ke6 33.Rxg7 Kxe5 34.Rg5 Rc4
35.Rxd5+ {#r} 1-0

[Event "Cup European Club"]
[Site "masterchessopen.com Kemer (Turkey)"]
[Date "2007.10.07"]
[Round "5"]
[White "Kovalev Andrei (BLR)"]
[Black "Dreev Alexey (RUS)"]
[Result "0-1"]
[WhiteElo "2565"]
[BlackElo "2607"]

{ Kovalev Andrei (BLR) +1 =0 -0 Dreev Alexey (RUS) +1 =14 -2 } 1.e4 c5 2.Nf3
Nc6 3.Nc3 d6 4.d4 cxd4 5.Nxd4 Nf6 6.Bg5 Bd7 7.Qd2 { ?/= } 7...h6 ( 7...Rc8
8.O-O-O ( 8.Nb3 h6 9.Bxf6 gxf6 10.Be2 h5 11.O-O-O a6 12.Kb1 b5 13.f4 h4 14.h3
Qb6 15.Nd5 Qf2 16.Rhg1 Rg8 17.Rdf1 Qa7 18.Qd1 Rg3 19.Rf3 Rg6 20.Rd3 e6 21.f5
Rh6 22.fxe6 fxe6 23.Nf4 a5 24.Bh5+ Kd8 25.Rxd6 Bxd6 26.Nxe6+ Ke7 27.Ned4 {
...0-1, Grischuk Alexander 2704 - Harrison Jorge Sosa, Internet 16. 3.2003 Dos
Hermanas Qualifier (16-A) } ) 8...Nxd4 9.Qxd4 Qa5 10.f4 h6 11.Bh4 g5 12.e5
gxh4 13.exf6 e6 14.Be2 Rg8 15.Bf3 Bc6 16.Rhe1 Bxf3 17.gxf3 Rg2 18.Rd2 h3
19.Ree2 Qc5 20.Qa4+ Rc6 21.Rxg2 hxg2 22.Rxg2 Qe3+ 23.Rd2 d5 24.Nd1 Qxf3
25.Qxa7 Bd6 26.Qxb7 Rc7 27.Qa8+ { ...1/2-1/2, Socko Bartosz 2660 - Dreev
Alexey 2606 , Lugo 20. 6.2007 Ch Spain (team) (Honor gr.1) } ) ( 7...Nxd4
8.Qxd4 Qa5 9.f4 e6 10.O-O-O Be7 11.e5 dxe5 12.fxe5 O-O-O 13.Qf4 Nd5 14.Nxd5
Bxg5 15.Qxg5 exd5 16.a3 g6 17.Be2 Bf5 18.Rhf1 Qc7 19.Bd3 Be6 20.Be2 Bf5 21.Rd2
Rhe8 22.Bg4 Bxg4 23.Qxg4+ Kb8 24.Qg3 Rd7 25.Re1 Re6 26.Rd3 d4 27.Qf4 {
...1/2-1/2, Socko Bartosz 2660 - Gaponenko Inna 2458 , Biel 30. 7.2007 It
(open) } ) ( 7...a6 8.Bxf6 gxf6 9.Nf5 Qa5 10.Be2 Rc8 11.Ne3 Bh6 12.O-O Qe5
13.Bd3 Bf4 14.g3 Nd4 15.Qd1 Bxe3 16.fxe3 Nc6 17.Nd5 Be6 18.c3 h5 19.Nf4 Qc5
20.Qd2 h4 21.gxh4 Rxh4 22.b4 Qg5+ 23.Kh1 Ne5 24.Rf2 Kd7 25.Rg1 Qh6 26.Be2 Qh7
27.Qd4 { ...0-1, Carlsson Pontus 2430 - Areshchenko Alexander 2670 , Gibraltar
30. 1.2006 It (open) "Gibtelecom Masters" } ) 8.Bxf6 gxf6 9.Nf5 ( 9.O-O-O Nxd4
10.Qxd4 Qa5 11.f4 Rc8 12.Kb1 Qc5 13.Qd3 f5 14.exf5 Bxf5 15.Qg3 Qb4 16.Rd5 Be4
17.Qg4 f5 18.Qg6+ Kd8 19.a3 Qb3 20.Bd3 Bxd3 21.Rxd3 Qg8 22.Qxf5 Qxg2 23.Rhd1
Rg8 24.Rg3 { 1-0, Motylev Alexander 2648 - Dreev Alexey 2606 , Lugo 22. 6.2007
Ch Spain (team) (Honor gr.1) } ) ( 9.f4 Nxd4 10.Qxd4 a6 11.O-O-O Bg7 12.Be2
O-O 13.Rd3 Rc8 14.Rg3 Kh8 15.f5 Qa5 16.Nd5 Qc5 17.Qd2 e6 18.Nf4 Bc6 19.Nh5
Bxe4 20.c3 Qd5 21.Nxg7 Qxd2+ 22.Kxd2 Rg8 23.Nh5 Rxg3 24.hxg3 Bxg2 25.Rh2 Bd5
26.Nxf6 Bxa2 27.Ng4 { 1-0, Vehi Bach Victor M 2395 - Collado Forner Jose 2297
, Catalunia 1997 Ch Catalunia (team) } ) ( 9.Nb3 f5 10.Bd3 fxe4 11.Nxe4 Bg7
12.O-O Qb6 13.c3 a5 14.Rae1 Ne5 15.Nd4 d5 16.Ng3 Nxd3 17.Qxd3 e6 18.Ngf5 Bf8
19.c4 dxc4 20.Qxc4 Rc8 21.Qd3 Qxb2 22.Qg3 Qb6 23.Ng7+ Kd8 24.Rd1 Rc5 25.Qb8+
Ke7 26.Ndf5+ exf5 27.Rfe1+ Kf6 28.Nh5+ Kg5 { ...1-0, Ivanov Alexey Jr 2458 -
Klimov Sergey 2498 , St. Petersburg 1. 2.2007 It (cat.9) "FINEC" } ) 9...Qa5 {
+0.18 CAP } 10.Bd3 { N } ( 10.Ne3 h5 11.f4 O-O-O 12.O-O-O f5 13.Nc4 Qc5 14.Nd5
fxe4 15.b4 Nxb4 16.Qxb4 Qxb4 17.Nxb4 Bg4 18.Rd2 e6 19.c3 d5 20.Ne5 Rh7 21.Nxg4
hxg4 22.g3 d4 23.Nc2 d3 24.Bg2 f5 25.Nd4 Rc7 26.Nxe6 Rxc3+ 27.Kb2 Bb4 28.Nxd8
e3 29.Rhd1 exd2 { ...1/2-1/2, Zenklusen Rico 2240 - Weindl Alfred 2352 ,
Switzerland 2001 Ch Switzerland (team) 2001 } ) 10...e6 11.Ne3 a6 12.O-O h5
13.f4 h4 14.Kh1 Be7 15.Rad1 h3 16.g3 b5 17.a3 Bc8 18.Be2 Bb7 19.Bf3 Rc8 20.Qe2
Qb6 21.Ng4 Qc5 22.e5 f5 23.exd6 fxg4 24.Ne4 { ? } ( 24.d7+ Kd8 25.dxc8=Q+ Kxc8
26.Be4 f5 27.Nd5 Bd8 28.b4 Qf8 29.Nc3 Qg7 { } ) 24...gxf3 25.Qd3 Qc4 26.d7+
Kd8 27.dxc8=Q+ Kxc8 28.Qe3 Qe2 { } {#R} 0-1

[Event "Cup ULIM (open)"]
[Site "masterchessopen.com Chisinau (Moldova)"]
[Date "2007.10.10"]
[Round "5"]
[White "Postolachi Viorel (MDA)"]
[Black "Plesco Sergiu (MDA)"]
[Result "1-0"]
[WhiteElo "1965"]
[BlackElo "2011"]

1.e4 c5 2.Nf3 d6 3.d4 cxd4 4.Nxd4 Nf6 5.Nc3 Nc6 6.Bg5 Bd7 7.Qd2 Rc8 8.Be2 Nxd4
9.Qxd4 Qa5 10.Bxf6 gxf6 11.O-O Qc5 12.Qd3 a6 13.Kh1 f5 14.Bf3 b5 15.Rfe1 b4
16.Nd5 Bb5 17.Qd2 fxe4 18.Bxe4 Kd8 19.Nxb4 Bg7 20.c3 Rb8 21.a4 Bc4 22.Nc6+ Kd7
23.b4 Qh5 24.Bf3 {#r} 1-0

[Event "Ch Romania (team)"]
[Site "masterchessopen.com Predeal (Romania)"]
[Date "2007.10.17"]
[Round "5"]
[White "Murariu Andrei (ROM)"]
[Black "Raceanu Valentin (ROM)"]
[Result "1-0"]
[WhiteElo "2503"]
[BlackElo "2385"]

1.e4 c5 2.Nf3 Nc6 3.d4 cxd4 4.Nxd4 Nf6 5.Nc3 d6 6.Bg5 Bd7 7.Qd2 Rc8 8.O-O-O
Nxd4 9.Qxd4 Qa5 10.Bd2 a6 11.f3 e6 12.g4 Be7 13.h4 b5 14.a3 Qc7 15.g5 Nh5
16.Bh3 O-O 17.Bg4 Ng3 18.Rhe1 a5 19.Bf4 b4 20.axb4 axb4 21.Qxb4 Rb8 22.Bxd6
Bxd6 23.Qxd6 Qa7 24.Qxd7 Qa1+ 25.Kd2 Qxb2 26.Rb1 Qa3 27.Rxb8 Rxb8 28.Qc7 Qb4
29.Ke3 {#r} 1-0

[Event "Ch Russia (students) (open)"]
[Site "masterchessopen.com Novokuznetsk (Russia)"]
[Date "2007.10.22"]
[Round "1"]
[White "Vladimirov Mikhail (RUS)"]
[Black "Evdokimov Alexander A (RUS)"]
[Result "0-1"]
[WhiteElo "2187"]
[BlackElo "2562"]

1.e4 c5 2.Nf3 d6 3.d4 cxd4 4.Nxd4 Nf6 5.Nc3 Nc6 6.Bg5 Bd7 7.Qd2 Rc8 8.Be2 Nxd4
9.Qxd4 Qa5 10.Be3 a6 11.O-O e6 12.f4 Bc6 13.Bf3 Be7 14.Kh1 O-O 15.f5 Rfe8
16.g4 Nd7 17.Bg2 b5 18.a3 Bb7 19.g5 Bf8 20.g6 hxg6 21.fxg6 fxg6 22.Rxf8+ Nxf8
23.Qxd6 Qc7 24.Qd2 Nd7 {#R} 0-1

[Event "Tournament (team) \"]
[Site "masterchessopen.com Macau (China)"]
[Date "2007.10.29"]
[Round "4"]
[White "Sergeeva Maria (KAZ)"]
[Black "Nguyen Thi Thanh An (VIE)"]
[Result "0-1"]
[WhiteElo "2328"]
[BlackElo "2324"]

1.e4 c5 2.Nf3 d6 3.d4 cxd4 4.Nxd4 Nf6 5.Nc3 Nc6 6.Bg5 Bd7 7.Qd2 Rc8 8.O-O-O
Nxd4 9.Qxd4 Qa5 10.Bd2 Qc5 11.Qxc5 dxc5 12.Bf4 a6 13.e5 Ng4 14.Be2 h5 15.Bf3
Nxf2 16.Rxd7 Kxd7 17.Rf1 Ng4 18.Bxb7 g5 19.e6+ fxe6 20.Bg3 Ne3 21.Re1 Nf5
22.Bxc8+ Kxc8 23.Rxe6 Rh6 24.Re5 e6 25.Ne4 Rg6 26.Bf2 c4 27.Nc5 Bd6 28.Rxe6
Rxe6 29.Nxe6 Bxh2 30.Kd2 g4 31.Nd4 Nxd4 32.Bxd4 Kd7 33.Ke2 Ke6 34.Bf2 Be5
35.b3 Kd5 36.a4 Bd6 37.Be1 Be7 38.Bc3 h4 39.b4 Ke4 40.Be1 {#R} 0-1

[Event "Ch Finland (team) 2007/08"]
[Site "masterchessopen.com Finland"]
[Date "2007.11.18"]
[Round "5"]
[White "Herranen Matti (FIN)"]
[Black "Nieminen Kari (FIN)"]
[Result "0-1"]
[WhiteElo "2095"]
[BlackElo "2203"]

1.e4 c5 2.Nf3 Nc6 3.d4 cxd4 4.Nxd4 Nf6 5.Nc3 d6 6.Bg5 Bd7 7.Qd2 Rc8 8.O-O-O
Nxd4 9.Qxd4 Qa5 10.Bxf6 gxf6 11.Kb1 Qc5 12.Qd2 f5 13.exf5 Bxf5 14.Bd3 Be6
15.Ne4 Qb6 16.Rhe1 Bg7 17.c4 h6 18.Re3 Kf8 19.Rc1 Qd4 20.Rc3 Be5 21.Qe1 Bxc4
22.Bxc4 Rxc4 23.Rb3 b6 24.g3 f5 25.Nd2 Rc7 26.f4 Bf6 27.a3 Kg7 28.Red3 Qa4
29.Qe6 Qd7 30.Qe2 Rhc8 31.Qh5 Rc1+ 32.Ka2 R8c2 33.g4 Qe6 34.a4 Rxb2+ 35.Ka3
Ra1+ 36.Kb4 Rxd2 37.gxf5 Qe4+ 38.Kb5 Qxa4# 0-1

[Event "Ch World (juniors) (under 16)"]
[Site "masterchessopen.com Kemer (Turkey)"]
[Date "2007.11.21"]
[Round "4"]
[White "Salgado Lopez Ivan (ESP)"]
[Black "Ton That Nhu Tung (VIE)"]
[Result "1-0"]
[WhiteElo "2460"]
[BlackElo "2216"]

1.e4 c5 2.Nf3 d6 3.d4 cxd4 4.Nxd4 Nf6 5.Nc3 Nc6 6.Bg5 Bd7 7.Qd2 Rc8 8.f4 h6
9.Bxf6 gxf6 10.Be2 h5 11.O-O-O Nxd4 12.Qxd4 Qa5 13.Kb1 Qc5 14.Qd3 f5 15.e5 e6
16.Bf3 d5 17.h4 b5 18.Ne2 b4 19.Ng3 Ba4 20.Rc1 Qb6 21.Nxh5 Bc5 22.Nf6+ Kf8
23.c4 bxc3 24.Rxc3 Kg7 25.Bd1 Bxd1 26.Rxd1 Bf2 27.Rb3 Qc5 28.g4 Qc4 29.gxf5
Rxh4 30.Qd2 Rh2 31.Rc3 Qxc3 32.bxc3 {#r} 1-0